[Event "Summer Series, S50291"]
[Site "CCLA"]
[Date "2015.07.25"]
[Round "?"]
[White "Bapple, Edward C."]
[Black "Vaughan, James"]
[Result "0-1"]
[WhiteElo "1908"]
[BlackElo "2259"]

1. e4 c5 2. Nc3 Nc6 3. f4 e6 4. Nf3 a6 5. g3 d5 6. e5 h5 7. d3 Be7 8. Bg2 
Qc7 9. Ne2 Bd7 10. Be3 Nh6 11. h3 Nf5 12. Bf2 f6 13. exf6 gxf6 14. Qd2 
O-O-O 15. O-O-O Kb8 16. Kb1 Rhg8 17. Rhg1 d4 18. Nh2 Bd6 19. Bf3 Rh8 20. 
Be4 h4 21. g4 Ng3 22. Bxg3 hxg3 23. Rxg3 Ne7 24. Rh1 f5 25. Bg2 e5 26. Rf3
e4 27. dxe4 fxe4 28. Rff1 e3 29. Qe1 Ng6 30. Be4 Nxf4 31. Nxf4 Bxf4 32. 
Nf3 Bb5 33. Rfg1 c4 34. h4 Qe7 0-1

[Event "2015  Server Team - Div 3, S53999"]
[Site "CCLA"]
[Date "2015.10.30"]
[Round "?"]
[White "Douglass, Paul"]
[Black "Vaughan, James"]
[Result "0-1"]
[WhiteElo "1821"]
[BlackElo "2259"]
[Board "1"]
[WhiteTeam "BCCA Bishops"]
[BlackTeam "Knights of the Square Table"]

1. e4 c5 2. Nc3 Nc6 3. f4 g6 4. Nf3 Bg7 5. Bc4 d6 6. O-O Nf6 7. d3 O-O 8. 
Qe1 a6 9. a4 e6 10. f5 exf5 11. Qh4 fxe4 12. dxe4 Be6 13. Bxe6 fxe6 14. 
Ng5 Qd7 15. Be3 h6 16. Nf3 g5 17. Qg3 Nd4 18. Nxd4 Nh5 19. Qh3 cxd4 20. 
Qxh5 dxe3 21. Qh3 Bd4 22. Rfd1 Ba7 23. Kh1 Kg7 24. e5 d5 25. Rxd5 Qf7 26. 
Rdd1 Rad8 27. Qg4 Rxd1+ 28. Qxd1 Qf5 29. Rb1 Bb6 30. g3 Ba5 0-1

[Event "2015 NA Class A Ch Finals, S50179"]
[Site "CCLA"]
[Date "2015.04.27"]
[Round "?"]
[White "Anderson, Clarence"]
[Black "Cacas, Alexander"]
[Result "0-1"]
[WhiteElo "1717"]
[BlackElo "1891"]

1. e4 c5 2. Nc3 Nc6 3. f4 g6 4. Nf3 Bg7 5. Bb5 Nd4 6. a4 e6 7. Nxd4 cxd4 
8. Ne2 Qb6 9. Bd3 Ne7 10. a5 Qc7 11. b4 a6 12. O-O O-O 13. Bb2 Nc6 14. e5 
Re8 15. Nxd4 Nxb4 16. Be2 Nc6 17. Nb3 d6 18. d4 dxe5 19. fxe5 Rd8 20. Qe1 
Bd7 21. Nc5 Be8 22. Qh4 Nxe5 23. c3 Nc6 24. Bf3 Rac8 25. Ne4 Qe7 26. Qxe7 
Nxe7 27. Nc5 Bc6 28. Nxb7 Bxb7 29. Bxb7 Rb8 30. Bxa6 Rxb2 31. Bd3 Rb3 32. 
Be4 Rxc3 33. a6 Bxd4+ 34. Kh1 Nd5 0-1

[Event "2015 NA Class A Ch Finals, S50179"]
[Site "CCLA"]
[Date "2015.04.27"]
[Round "?"]
[White "Anderson, Clarence"]
[Black "Ramsden, Jim E."]
[Result "1/2-1/2"]
[WhiteElo "1717"]
[BlackElo "1819"]

1. e4 c5 2. Nc3 Nc6 3. f4 g6 4. Nf3 Bg7 5. Bb5 Nd4 6. a4 a6 7. Bd3 d6 8. 
Nxd4 cxd4 9. Ne2 e5 10. O-O Nf6 11. fxe5 dxe5 12. c3 dxc3 13. dxc3 Qb6+ 
14. Kh1 Ng4 15. Qe1 O-O 16. a5 Qd6 17. Bc2 Be6 18. h3 Nf6 19. Qh4 Nd7 20. 
b3 Rfe8 21. Bh6 Bxh6 22. Qxh6 Qf8 23. Qxf8+ Rxf8 24. c4 Nb8 25. Nc3 Nc6 
26. Nd5 Nd4 27. Bd1 f5 28. Nc7 Rad8 29. Nxe6 Nxe6 30. exf5 gxf5 31. g4 
fxg4 32. Rxf8+ Rxf8 33. Bxg4 Nd4 34. Rg1 Kf7 35. Rf1+ Ke7 36. Rxf8 Kxf8 
37. b4 Nc6 38. Bf3 Nxb4 39. Bxb7 Ke7 40. Kg2 Kd6 41. Kf3 Kc7 42. Be4 h6 
43. c5 Nc6 44. Bd3 Nxa5 45. Bxa6 Kc6 46. Ke4 Kxc5 47. Kxe5 h5 48. Be2 h4 
1/2-1/2

[Event "Winter Series, S50021"]
[Site "CCLA"]
[Date "2015.01.28"]
[Round "?"]
[White "Anderson, Clarence"]
[Black "Ramsden, Jim E."]
[Result "0-1"]
[WhiteElo "1717"]
[BlackElo "1819"]

1. e4 c5 2. Nc3 Nc6 3. f4 g6 4. Nf3 Bg7 5. Bb5 Nd4 6. a4 b6 7. d3 Bb7 8. 
O-O Qc7 9. Be3 Nxf3+ 10. gxf3 Nf6 11. Qd2 a6 12. Bc4 e6 13. Rad1 O-O 14. 
Bb3 d5 15. Bf2 Rfd8 16. e5 Nd7 17. Ne2 c4 18. Ba2 Nc5 19. d4 Nxa4 20. b3 
c3 21. Qe3 Nb2 22. Rb1 Bf8 23. Nxc3 Ba3 24. Ne2 Qxc2 25. Rfc1 Qd3 26. Rc3 
Qxe3 27. Bxe3 Rac8 28. Bc1 Rxc3 29. Nxc3 Rc8 30. Na4 Nxa4 31. Bxa3 Nc3 32.
 Ra1 Nxa2 33. Rxa2 Rc3 34. b4 Rxf3 35. Bc1 Rc3 36. Ba3 Bc6 37. Bb2 Rc2 38.
 Rxa6 Rxb2 39. Rxb6 Ba4 0-1

[Event "2015 NA Class A Ch Finals, S50179"]
[Site "CCLA"]
[Date "2015.04.27"]
[Round "?"]
[White "Anderson, Clarence"]
[Black "Clancey, James"]
[Result "1-0"]
[WhiteElo "1717"]
[BlackElo "2019"]

1. e4 c5 2. Nc3 Nc6 3. f4 g6 4. Nf3 Bg7 5. Bb5 Nd4 6. a4 e6 7. Nxd4 cxd4 
8. Ne2 Nf6 9. e5 Nd5 10. O-O Qb6 11. d3 O-O 12. Bc4 d6 13. a5 Qd8 14. Nxd4
dxe5 15. fxe5 Bxe5 16. Nf3 Bg7 17. d4 Bd7 18. c3 Rc8 19. Bd3 a6 20. Bg5 f6
21. Bd2 Re8 22. c4 Ne7 23. Bc3 Nf5 24. Qb3 Bc6 25. Bxf5 gxf5 26. Rae1 Qd7 
27. Qa2 Rcd8 28. b3 Qc7 29. Qb2 Bf8 30. d5 1-0

[Event "Premier Quad, S50399"]
[Site "CCLA"]
[Date "2015.10.03"]
[Round "?"]
[White "Shannon, Paul D."]
[Black "Ramsden, Jim E."]
[Result "0-1"]
[WhiteElo "1865"]
[BlackElo "1789"]

1. e4 c5 2. Nc3 Nc6 3. f4 g6 4. Nf3 Bg7 5. Bb5 Nd4 6. Bd3 d6 7. Nxd4 cxd4 
8. Ne2 e5 9. O-O Nf6 10. c3 O-O 11. cxd4 exd4 12. b3 Qb6 13. Bb2 Nxe4 14. 
Kh1 d5 15. Qe1 Nc5 16. Bb1 d3 17. Nc3 Be6 18. Nd1 d4 19. Ba3 Rfe8 20. Bxc5
Qxc5 21. Qg3 Qc1 22. Kg1 Bd5 23. Qxd3 Be4 24. Qc4 Rac8 25. Qa4 Bxb1 26. 
Nf2 Re1 0-1

[Event "2015 NA Class A Ch Finals, S50179"]
[Site "CCLA"]
[Date "2015.04.27"]
[Round "?"]
[White "Shannon, Paul D."]
[Black "Anderson, Clarence"]
[Result "1-0"]
[WhiteElo "1815"]
[BlackElo "1717"]

1. e4 c5 2. Nc3 Nc6 3. f4 g6 4. Nf3 Bg7 5. Bb5 Nd4 6. O-O a6 7. Bd3 d6 8. 
Nxd4 cxd4 9. Ne2 Nf6 10. Qe1 O-O 11. b3 e5 12. Ba3 Re8 13. Qh4 b5 14. h3 
Bb7 15. f5 d5 16. fxg6 fxg6 17. Ng3 dxe4 18. Be2 Rc8 19. Bd1 Qb6 20. Kh2 
Qc6 21. Rg1 e3 22. dxe3 Qc3 23. Rb1 Qxe3 24. Bc1 Qf2 25. Bh6 Be4 26. Bxg7 
Kxg7 27. Nh5+ 1-0

[Event "Summer Series, S50291"]
[Site "CCLA"]
[Date "2015.07.25"]
[Round "?"]
[White "Smail, John"]
[Black "Bapple, Edward C."]
[Result "0-1"]
[WhiteElo "1720"]
[BlackElo "1908"]

1. e4 c5 2. Nc3 g6 3. f4 Bg7 4. Nf3 Nc6 5. Bb5 Nd4 6. O-O e6 7. e5 a6 8. 
Bd3 Nxf3+ 9. Qxf3 d5 10. b3 Ne7 11. Bb2 O-O 12. Ne2 b6 13. g4 Bb7 14. f5 
exf5 15. gxf5 Nxf5 16. Bxf5 gxf5 17. Qg3 d4 18. Rxf5 Be4 19. Rg5 Bg6 20. 
Nf4 Kh8 21. Re1 Bh6 22. Nxg6+ fxg6 23. Rg4 Bxd2 24. Re2 Bh6 25. h4 Rf5 26.
 e6 Qf6 27. c3 Rf3 28. Qe5 Rf1+ 29. Kg2 Rf2+ 30. Kh3 Qxe5 31. Rxe5 Rxb2 
32. e7 Re8 33. cxd4 cxd4 34. h5 gxh5 35. Rge4 d3 36. Rd5 Re2 0-1

[Event "2015 REGULAR QUAD, S50149"]
[Site "CCLA"]
[Date "2015.04.10"]
[Round "?"]
[White "Klimushyn, Charles"]
[Black "Godinez, Doug"]
[Result "1-0"]
[WhiteElo "1156"]
[BlackElo "1392"]

1. e4 c5 2. Nc3 Nc6 3. f4 g6 4. Nf3 Bg7 5. Bb5 Nd4 6. O-O a6 7. Bc4 e6 8. 
d3 b5 9. Bb3 Ne7 10. Be3 O-O 11. e5 Bb7 12. Nxd4 cxd4 13. Bxd4 Nf5 14. Bf2
d5 15. d4 Qd7 16. g4 Nh6 17. h3 b4 18. Ne2 a5 19. c3 Ba6 20. Kh1 f6 21. 
Bc2 fxe5 22. fxe5 Rf7 23. Bd3 Bxd3 24. Qxd3 Raf8 25. Kg1 Rf3 26. Be3 Qe7 
27. Rxf3 Rxf3 28. Kg2 Qf8 29. Qd2 Kh8 30. Nf4 Rxf4 31. Bxf4 Nf7 32. Rf1 h6
33. g5 h5 34. cxb4 axb4 35. Qf2 Qa8 36. Bd2 Nd8 37. Bxb4 Nc6 38. Bf8 Bxf8 
39. Qxf8+ Qxf8 40. Rxf8+ Kg7 41. Rf4 Nb4 42. a4 Nd3 43. Rf2 Nb4 44. b3 Na6
45. Kf1 Nb4 46. Ke2 Nc6 47. Kd3 Nb4+ 48. Kc3 Na6 49. b4 1-0

[Event "Premier Quad, S50289"]
[Site "CCLA"]
[Date "2015.07.20"]
[Round "?"]
[White "Evans, Stanley W."]
[Black "Disque, Philip"]
[Result "1-0"]
[WhiteElo "1834"]
[BlackElo "1614"]

1. e4 c5 2. Nc3 g6 3. f4 Bg7 4. Nf3 Nc6 5. Bb5 Nd4 6. O-O Nxb5 7. Nxb5 d6 
8. d4 a6 9. Nc3 cxd4 10. Nxd4 Qb6 11. Be3 Qxb2 12. Nd5 Nf6 13. Nc7+ Kf8 
14. Nxa8 Ng4 15. Rb1 Qxa2 16. Qd3 Qa5 17. Nb6 Nxe3 18. Qxe3 Qc5 19. c3 e5 
20. fxe5 Bxe5 21. Qf2 f5 22. Nxc8 Qxc8 23. exf5 Qxc3 24. fxg6+ Ke8 25. 
Qf7+ 1-0

[Event "Premier Quad, S50449"]
[Site "CCLA"]
[Date "2015.12.09"]
[Round "?"]
[White "Shannon, Paul D."]
[Black "Haase, F. Philip"]
[Result "0-1"]
[WhiteElo "1865"]
[BlackElo "1813"]

1. e4 c5 2. Nc3 Nc6 3. g3 d6 4. Bg2 g6 5. d3 Bg7 6. f4 Nf6 7. Nf3 O-O 8. 
O-O Nd4 9. Nxd4 cxd4 10. Ne2 Qb6 11. h3 Bd7 12. b3 e5 13. Kh2 Rac8 14. Bb2
Rc7 15. c4 dxc3 16. Nxc3 exf4 17. gxf4 Rfc8 18. Rc1 Qd4 19. Qd2 Qb4 20. d4
Nh5 21. e5 Bh6 22. exd6 Qxd6 23. Ne2 Bb5 24. Rxc7 Rxc7 25. Rf2 Bxe2 26. 
Qxe2 Bxf4+ 0-1

[Event "2015 Server Team Ch - Div 1, S51999"]
[Site "CCLA"]
[Date "2015.10.30"]
[Round "?"]
[White "Cross, Gregory W."]
[Black "Ryan, Patrick J."]
[Result "1/2-1/2"]
[WhiteElo "1973"]
[BlackElo "2188"]
[Board "4"]
[WhiteTeam "Pennsylvania Keystones"]
[BlackTeam "Paul Morphy's Hair"]

1. e4 c5 2. Nc3 Nc6 3. g3 g6 4. Bg2 Bg7 5. d3 d6 6. Be3 Bd7 7. Qd2 Nf6 8. 
h3 O-O 9. Nge2 Rb8 10. a3 b5 11. O-O Qc8 12. Kh2 a5 13. a4 b4 14. Nb5 Ne8 
15. Rab1 Qd8 16. f4 Nc7 17. c4 Ne6 18. f5 Ned4 19. Nexd4 Nxd4 20. b3 Qb6 
21. Nxd4 cxd4 22. Bh6 Qc5 23. Rbe1 Kh8 24. h4 Bxh6 25. Qxh6 Rg8 26. f6 e5 
27. Bh3 Qc8 28. Bxd7 Qxd7 29. Qg5 Qd8 30. Kg2 Qf8 31. h5 Re8 32. Rf3 Re6 
33. g4 h6 34. hxg6 Rxg6 35. Qh4 Qg8 36. Kh3 Qd8 37. Ref1 Kh7 38. Kh2 Qh8 
39. Rf5 Kg8 40. Kh3 Kh7 41. R1f3 Kg8 42. Rf2 Kf8 1/2-1/2

[Event "2015 Server Team Ch - Div 2"]
[Site "CCLA"]
[Date "2015.10.30"]
[Round "?"]
[White "Hoffman, Dwayne"]
[Black "Sitorus, Yosua"]
[Result "0-1"]
[WhiteElo "1863"]
[BlackElo "1802"]
[Board "6"]
[WhiteTeam "Chairmen of the Board"]
[BlackTeam "SchemingMind C"]

1. e4 c5 2. Nc3 Nc6 3. g3 Nf6 4. Bg2 g6 5. d3 Bg7 6. Be3 d6 7. Nge2 Rb8 8.
 h3 b5 9. a3 O-O 10. b4 Nd7 11. O-O a5 12. bxa5 e6 13. a4 b4 14. Nb5 Ba6 
15. e5 d5 16. f4 Qxa5 17. Nc1 Bxb5 18. Nb3 Qb6 19. axb5 Qxb5 20. Qd2 Rfd8 
21. Qf2 Bf8 22. g4 c4 23. dxc4 dxc4 24. Nd2 Nc5 25. Rfb1 b3 26. Bf1 Nb4 
27. Nxb3 Nxb3 28. Rxb3 cxb3 29. Bxb5 Nxc2 30. Bb6 Nxa1 31. Bxd8 Rxb5 32. 
Qf1 Rd5 33. Qxa1 Rxd8 34. f5 Rd2 35. fxe6 Bc5+ 36. Kh1 b2 37. exf7+ Kf8 
38. Qb1 Bb4 39. e6 Re2 40. Qd3 b1=R+ 41. Qxb1 Re1+ 42. Qxe1 Bxe1 43. Kg2 
Ke7 44. Kf3 Bb4 0-1

[Event "2015 Server Team Ch - Div 1, S51999"]
[Site "CCLA"]
[Date "2015.10.30"]
[Round "?"]
[White "Cross, Gregory W."]
[Black "Richardt, Mike"]
[Result "1/2-1/2"]
[WhiteElo "1973"]
[BlackElo "2216"]
[Board "4"]
[WhiteTeam "Pennsylvania Keystones"]
[BlackTeam "BCCA Kings"]

1. e4 c5 2. Nc3 Nc6 3. g3 g6 4. Bg2 Bg7 5. d3 d6 6. Be3 Rb8 7. Qd2 b5 8. 
Nge2 b4 9. Nd1 Nf6 10. h3 O-O 11. O-O Bd7 12. f4 Ne8 13. g4 Nc7 14. f5 Nb5
15. c3 bxc3 16. bxc3 Ne5 17. a4 Nc7 18. Nb2 Rb3 19. Nc1 Rb7 20. Nc4 Nxc4 
21. dxc4 Qb8 22. Nd3 Bc6 1/2-1/2

[Event "2015 Regular Quad, S50039"]
[Site "CCLA"]
[Date "2015.02.02"]
[Round "?"]
[White "Williams, Rufus H."]
[Black "Tarrant, Johnny L."]
[Result "1-0"]
[WhiteElo "1309"]
[BlackElo "1154"]

1. e4 c5 2. Nf3 h6 3. c3 Nc6 4. d4 e6 5. e5 d5 6. Be2 c4 7. b3 b5 8. bxc4 
bxc4 9. O-O Be7 10. Ba3 Bxa3 11. Nxa3 Nge7 12. Nb5 f6 13. Nd6+ Kf8 14. Qc2
f5 15. Rab1 g5 16. h3 h5 17. Nxg5 Ng6 18. f4 Nxf4 19. Ndf7 Qd7 20. Rxf4 
Rg8 21. h4 Na5 22. Bxh5 Nc6 23. Nh7+ Kg7 24. Nf6 Qxf7 25. Bxf7 1-0

[Event "2015 REGULAR QUAD, S50389"]
[Site "CCLA"]
[Date "2015.09.16"]
[Round "?"]
[White "Gunning, Edward E."]
[Black "Howard, Christopher"]
[Result "0-1"]
[WhiteElo "1439"]
[BlackElo "1503"]

1. e4 g6 2. Nf3 c5 3. Bc4 Nc6 4. O-O Bg7 5. c3 d6 6. Ng5 e6 7. d3 Nge7 8. 
Na3 a6 9. Be3 b5 10. Qf3 Ne5 11. Qf4 bxc4 12. Nxc4 f6 13. Qh4 fxg5 14. 
Bxg5 Nxc4 15. dxc4 Qc7 16. Bf6 Bxf6 17. Qxf6 Rf8 18. Qg7 Rf7 19. Qh8+ Kd7 
20. Rad1 Bb7 21. Qe5 d5 22. exd5 Qxe5 23. Rfe1 Qxe1+ 24. Rxe1 exd5 25. Rd1
Kc7 26. cxd5 Nxd5 0-1

[Event "2015 NA Class B Ch Finals, S50189"]
[Site "CCLA"]
[Date "2015.04.27"]
[Round "?"]
[White "Avery, Bryce"]
[Black "Hansen, Michael"]
[Result "1-0"]
[WhiteElo "1668"]
[BlackElo "1754"]

1. e4 c5 2. Nf3 g6 3. Bd3 Nc6 4. c3 Nf6 5. Bc2 Bg7 6. d4 d5 7. e5 Ne4 8. 
Nbd2 Nxd2 9. Qxd2 cxd4 10. cxd4 Bg4 11. Qf4 Bxf3 12. gxf3 Qb6 13. Be3 Qxb2
14. Rc1 Qxa2 15. h4 O-O 16. h5 Nb4 17. Bb1 Qxb1 18. Rxb1 Nd3+ 19. Ke2 
Nxf4+ 20. Bxf4 b6 21. h6 Bh8 22. Rhc1 e6 23. Rc7 Rfc8 24. Rbc1 Rxc7 25. 
Rxc7 a5 26. Rb7 a4 27. Rxb6 a3 28. Bc1 a2 29. Bb2 a1=Q 30. Bxa1 Bg7 31. 
hxg7 Kxg7 32. Bc3 g5 33. Bd2 Ra2 34. Rb1 h6 35. Rg1 1-0

[Event "2015 NA Class B Ch Finals, S50189"]
[Site "CCLA"]
[Date "2015.04.27"]
[Round "?"]
[White "Catania, Duane"]
[Black "Hansen, Michael"]
[Result "0-1"]
[WhiteElo "1684"]
[BlackElo "1754"]

1. e4 c5 2. Nf3 g6 3. Bc4 Bg7 4. O-O d6 5. d4 cxd4 6. Nxd4 Nf6 7. Re1 O-O 
8. Nc3 Nc6 9. Nxc6 bxc6 10. Bg5 Rb8 11. Bb3 Nd7 12. Qe2 Nc5 13. Rad1 Ne6 
14. Be3 c5 15. f4 Nd4 16. Qf2 Be6 17. Bxe6 fxe6 18. Bc1 e5 19. Na4 Qe8 20.
 b3 exf4 21. c3 Nc6 22. Qd2 Ne5 23. Qd5+ Kh8 24. Rf1 g5 25. c4 Qh5 26. Bb2
f3 27. Bxe5 Bxe5 28. g3 f2+ 29. Rxf2 Rxf2 30. Kxf2 Qxh2+ 31. Ke3 Qxg3+ 32.
 Kd2 Qg2+ 33. Kd3 Qxa2 34. Nxc5 Rf8 35. Rd2 Qb1+ 0-1

[Event "2015 REGULAR QUAD, S50259"]
[Site "CCLA"]
[Date "2015.06.10"]
[Round "?"]
[White "Martindale, Roger"]
[Black "Williams, Rufus H."]
[Result "0-1"]
[WhiteElo "1174"]
[BlackElo "1326"]

1. e4 c5 2. c4 g6 3. Nf3 d6 4. Nc3 Bg7 5. h3 Nc6 6. d3 Nf6 7. a3 Nd4 8. 
Nd5 Nxd5 9. exd5 O-O 10. g4 Nxf3+ 11. Qxf3 e6 12. h4 exd5 13. b3 Bxa1 14. 
Qxd5 Qe7+ 15. Be2 Re8 16. Be3 Bc3+ 17. Kd1 Bd4 18. Rh3 Qe6 19. Qxe6 Rxe6 
20. Kd2 Bd7 21. Bf3 Bxe3+ 22. fxe3 Bc6 23. Bxc6 bxc6 24. h5 Kh8 25. g5 Re5
26. hxg6 fxg6 27. e4 Rf8 28. Ke3 Rxg5 29. b4 cxb4 30. axb4 Rg1 31. Ke2 Rb1
32. c5 dxc5 33. bxc5 a5 34. Re3 Rb2+ 35. Ke1 Kg7 36. e5 Rbb8 37. e6 a4 38.
 d4 Ra8 39. e7 Rfe8 40. Kd1 a3 41. d5 a2 42. d6 a1=Q+ 43. Ke2 Qd4 0-1

[Event "2015 REGULAR QUAD, S50279"]
[Site "CCLA"]
[Date "2015.07.03"]
[Round "?"]
[White "Haase, F. Philip"]
[Black "Mann, Wallace"]
[Result "1-0"]
[WhiteElo "1813"]
[BlackElo "1532"]

1. e4 c5 2. Nf3 g6 3. c3 d5 4. exd5 Qxd5 5. d4 Bg7 6. Bb5+ Bd7 7. Be2 cxd4
8. cxd4 Nf6 9. Nc3 Qa5 10. O-O O-O 11. Qb3 Na6 12. Qxb7 Nc7 13. Ne5 Rab8 
14. Qf3 Bc8 15. Nc6 1-0

[Event "Summer Series, S50331"]
[Site "CCLA"]
[Date "2015.07.25"]
[Round "?"]
[White "Anderson, Lawrence D."]
[Black "Simonson, Jay"]
[Result "0-1"]
[WhiteElo "1435"]
[BlackElo "1404"]

1. e4 c5 2. Nf3 g6 3. d4 Bg7 4. c3 cxd4 5. cxd4 Nf6 6. Nc3 O-O 7. Be2 d6 
8. O-O Nc6 9. d5 Nb8 10. h3 Nbd7 11. Be3 b6 0-1

[Event "2015 NA Server Ch (CCLA Rules), S50169"]
[Site "CCLA"]
[Date "2015.04.27"]
[Round "?"]
[White "Gredescul, Andrea"]
[Black "Shnaiderman, Lazar"]
[Result "1-0"]
[WhiteElo "2166"]
[BlackElo "2043"]

1. e4 c5 2. Nf3 g6 3. c3 Bg7 4. d4 cxd4 5. cxd4 d5 6. e5 Bg4 7. Bb5+ Nd7 
8. O-O a6 9. Be2 e6 10. Be3 Bxf3 11. Bxf3 Ne7 12. Nc3 Nf5 13. Qd2 O-O 14. 
Rac1 Rc8 15. Bf4 h5 16. h3 Qb6 17. Rfd1 Rc4 18. Be3 Nxe3 19. fxe3 Bh6 20. 
Re1 Rcc8 21. Rcd1 Kg7 22. Qe2 Rfe8 23. Qf2 Red8 24. Kh1 Rf8 25. Qe2 Rc4 
26. e4 Rxd4 27. exd5 Rxd1 28. Rxd1 exd5 29. Nxd5 Qb5 30. Qxb5 axb5 31. e6 
fxe6 32. Nc7 Nc5 33. b4 Bf4 34. Nxb5 Na6 35. Nd4 Kf6 36. a3 b6 37. Ne2 Be5
38. Bb7 Nb8 39. Rf1+ Ke7 40. Rxf8 Kxf8 41. a4 Bc7 42. g3 Ke7 43. Kg2 Nd7 
44. Nf4 Nf8 45. Kf3 Kf6 46. Bc6 Nh7 47. Be8 Nf8 48. h4 Bd8 49. Bc6 Bc7 50.
 Be4 Bd8 51. Bd3 Bc7 52. Bc2 Bd8 53. Ke4 Bc7 54. Kd3 Nd7 55. Kc4 Ne5+ 56. 
Kb5 Nf3 57. Kc6 Bxf4 58. gxf4 Nd4+ 59. Kxb6 Nxc2 60. b5 Ke7 61. Kc7 Nb4 
62. a5 Nd5+ 63. Kc6 Kd8 64. Kb7 Nc7 65. b6 Nd5 66. Ka8 Nc7+ 67. bxc7+ Kxc7
68. Ka7 Kc8 69. Kb6 Kb8 70. a6 Ka8 71. a7 1-0

[Event "2015 REGULAR QUAD, S50149"]
[Site "CCLA"]
[Date "2015.04.10"]
[Round "?"]
[White "Haase, F. Philip"]
[Black "Klimushyn, Charles"]
[Result "1-0"]
[WhiteElo "1813"]
[BlackElo "1156"]

1. e4 c5 2. Nf3 g6 3. c3 Bg7 4. d4 cxd4 5. cxd4 d5 6. e5 Bg4 7. Bb5+ Nd7 
8. O-O a6 9. Be2 Bxf3 10. Bxf3 e6 11. Nc3 Nh6 12. Bf4 O-O 13. Qd2 Nf5 14. 
Bg4 Re8 15. Rac1 f6 16. Bxf5 exf5 17. Nxd5 fxe5 18. Bg5 Nf6 19. Nc7 Ne4 
20. Bxd8 Nxd2 21. Nxe8 Rxd8 22. Nxg7 Nxf1 23. Ne6 Rd6 24. Rc8+ Kf7 25. 
Ng5+ Kg7 26. Rc7+ Kg8 27. Kxf1 h6 28. dxe5 Rd2 29. Nh7 Rxb2 30. e6 1-0

[Event "2015 NA Class C Ch - Rd 1 Sect 2, S50101"]
[Site "CCLA"]
[Date "2015.04.27"]
[Round "?"]
[White "Haase, F. Philip"]
[Black "Klimushyn, Charles"]
[Result "1-0"]
[WhiteElo "1773"]
[BlackElo "1156"]

1. e4 c5 2. Nf3 g6 3. c3 Bg7 4. d4 cxd4 5. cxd4 d5 6. e5 Bg4 7. Bb5+ Nd7 
8. O-O a6 9. Be2 Bxf3 10. Bxf3 e6 11. Nc3 Ne7 12. Bg5 O-O 13. Qd2 f6 14. 
exf6 Nxf6 15. Na4 Nd7 16. Rfe1 e5 17. Bxd5+ Kh8 18. Bxb7 Ra7 19. Bf3 Nb6 
20. Nxb6 Qxb6 21. dxe5 1-0

[Event "2015 REGULAR QUAD, S50259"]
[Site "CCLA"]
[Date "2015.06.10"]
[Round "?"]
[White "Bearce, Harold L."]
[Black "Williams, Rufus H."]
[Result "0-1"]
[WhiteElo "1095"]
[BlackElo "1326"]

1. e4 c5 2. Nf3 g6 3. d4 cxd4 4. Nxd4 Bg7 5. Be3 Nc6 6. c3 Nf6 7. Nd2 d5 
8. exd5 Nxd5 9. Bc4 O-O 10. O-O e6 11. N2f3 Ne5 12. Bg5 Nxf3+ 13. Nxf3 Qd6
14. Bxd5 exd5 15. Nd4 Be6 16. Qd2 Rac8 17. Rfe1 Rfe8 18. Re3 a6 19. Rae1 
b5 20. Nxe6 Rxe6 21. Rd3 Rxe1+ 22. Qxe1 Qd7 23. Re3 a5 24. Re7 Qf5 25. 
Re8+ Bf8 26. Bh6 Rxe8 27. Qxe8 Qb1+ 0-1

[Event "PREMIER QUAD, S50209"]
[Site "CCLA"]
[Date "2015.05.01"]
[Round "?"]
[White "Silverman, Robert"]
[Black "Hayward, Clark W."]
[Result "0-1"]
[WhiteElo "1888"]
[BlackElo "1909"]

1. d4 g6 2. c4 Bg7 3. Nf3 c5 4. e4 Qb6 5. d5 Bxb2 6. Bxb2 Qxb2 7. Nbd2 Qg7
8. Be2 d6 9. O-O Nd7 10. Ng5 Ngf6 11. Ne6 fxe6 12. Qb3 exd5 13. cxd5 O-O 
14. Rab1 Rb8 15. f3 Nh5 16. Rf2 Qd4 17. Nc4 Nf4 18. Kf1 b6 19. Rd1 Qf6 20.
 Ne3 Nxe2 21. Kxe2 Ba6+ 22. Nc4 Ne5 0-1

[Event "2015 NA Class C Ch Finals, S50409"]
[Site "CCLA"]
[Date "2015.10.13"]
[Round "?"]
[White "Perry, William E."]
[Black "McLaughlin, Ed"]
[Result "0-1"]
[WhiteElo "1442"]
[BlackElo "1493"]

1. e4 c5 2. Nf3 a6 3. d4 cxd4 4. c3 dxc3 5. Nxc3 b5 6. Bd3 Bb7 7. O-O e6 
8. Bf4 Ne7 9. Qe2 Ng6 10. Bg3 Nc6 11. Rfd1 Qb6 12. a3 Bc5 13. b4 Nd4 14. 
Nxd4 Bxd4 15. Rac1 O-O 16. a4 Rfc8 17. Qd2 Ne5 18. axb5 Nxd3 19. Qxd3 Rxc3
20. Rxc3 Bxc3 21. Qxc3 Qxb5 22. f3 Rc8 23. Qd4 d5 24. exd5 Bxd5 25. Be5 f6
26. Bd6 Rc2 27. Bc5 Qe2 28. Qf2 Qxd1+ 29. Qf1 Qxf1+ 0-1

[Event "2015 NA Class C Ch Finals, S50409"]
[Site "CCLA"]
[Date "2015.10.13"]
[Round "?"]
[White "Haase, F. Philip"]
[Black "McLaughlin, Ed"]
[Result "1-0"]
[WhiteElo "1773"]
[BlackElo "1493"]

1. e4 c5 2. Nf3 a6 3. c3 Nc6 4. d4 e6 5. d5 exd5 6. exd5 Nce7 7. d6 b5 8. 
dxe7 Qxe7+ 9. Be2 Bb7 10. O-O O-O-O 11. a4 b4 12. cxb4 cxb4 13. Be3 Kb8 
14. Qd4 1-0

[Event "Summer Series, S50331"]
[Site "CCLA"]
[Date "2015.07.25"]
[Round "?"]
[White "Anderson, Lawrence D."]
[Black "McLaughlin, Ed"]
[Result "0-1"]
[WhiteElo "1435"]
[BlackElo "1507"]

1. e4 c5 2. Nf3 a6 3. c3 b5 4. d4 e6 5. Bd3 Bb7 6. O-O Nf6 7. Re1 d6 8. 
Nbd2 Nbd7 9. Nf1 cxd4 10. Bg5 dxc3 11. bxc3 Rc8 12. Rc1 Qa5 13. Re2 Rxc3 
14. Qd2 Ra3 15. Qxa5 Rxa5 16. Bxf6 gxf6 17. Rb2 Nc5 18. Bc2 Bh6 19. Rcb1 
Nxe4 0-1

[Event "2015 NA Server Ch (CCLA Rules), S50169"]
[Site "CCLA"]
[Date "2015.04.27"]
[Round "?"]
[White "Young III, William C."]
[Black "Vaughan, James"]
[Result "1/2-1/2"]
[WhiteElo "2075"]
[BlackElo "2268"]

1. e4 c5 2. Nf3 Nf6 3. e5 Nd5 4. Nc3 Nxc3 5. dxc3 Nc6 6. Bf4 Qc7 7. Qd2 e6
8. O-O-O h6 9. h4 b6 10. Bd3 Bb7 11. Be4 O-O-O 12. Bh2 c4 13. h5 Bc5 14. 
Bg3 Ne7 15. Bxb7+ Kxb7 16. Qe2 Nf5 17. Bf4 b5 18. b4 Bb6 19. Nd2 Ra8 20. 
Qf3+ Kb8 21. Kb2 a5 22. a3 Qc6 23. Ne4 Bc7 24. Rh3 Ne7 25. bxa5 Rxa5 26. 
Be3 Nf5 27. Nc5 Nxe3 28. Nxd7+ Kb7 29. fxe3 Rha8 30. Nc5+ Kb6 31. Nd7+ 
1/2-1/2

[Event "2015 NA Class C Ch Finals, S50409"]
[Site "CCLA"]
[Date "2015.10.13"]
[Round "?"]
[White "Smiley, William R."]
[Black "Perry, William E."]
[Result "1/2-1/2"]
[WhiteElo "1587"]
[BlackElo "1442"]

1. e4 c5 2. Nf3 Nc6 3. g3 d6 4. c3 Nf6 5. d3 g6 6. Bg2 Bg7 7. O-O O-O 8. 
Re1 e5 9. Bg5 h6 10. Bd2 d5 11. exd5 Nxd5 12. Na3 a6 13. Nc2 Bf5 14. Bf1 
Re8 15. Ne3 Nce7 16. Nxf5 Nxf5 17. Bh3 Nd6 18. a3 e4 19. dxe4 Nxe4 20. Bg2
Qb6 21. Qc2 Nxd2 22. Nxd2 Nf6 23. Nc4 Qc7 24. Qb3 Rab8 25. Rxe8+ Nxe8 26. 
Re1 1/2-1/2

[Event "2015 NA Class D Ch Finals, S50469"]
[Site "CCLA"]
[Date "2016.02.18"]
[Round "?"]
[White "Cain, Larry F."]
[Black "Acebo, Brian"]
[Result "0-1"]
[WhiteElo "1321"]
[BlackElo "1360"]

1. e4 c5 2. Bc4 Nc6 3. Nf3 Nf6 4. d3 d6 5. O-O e6 6. Bg5 Be7 7. Bb5 Bd7 8.
 c3 a6 9. Bxc6 Bxc6 10. Nbd2 O-O 11. h3 h6 12. Bf4 b5 13. Qc1 e5 14. Bh2 
a5 15. Re1 b4 16. cxb4 axb4 17. b3 Nd7 18. a4 Bf6 19. Nf1 Re8 20. Ng3 d5 
21. Rb1 d4 22. Qd1 Be7 23. Nf1 Bd6 24. Ng3 Bc7 25. Qc1 Bb7 26. Nf5 Qf6 27.
 Bg3 Kh7 28. Bh4 g5 29. Bxg5 hxg5 30. Nxg5+ Kg8 31. Kh2 Bd8 32. Nf3 Bc8 
33. Rh1 Nf8 34. Qxc5 Rb8 35. Nd6 Re6 36. Nxc8 Rc6 37. Qd5 Rbxc8 38. Nxe5 
Rd6 39. Qxf7+ Qxf7 40. Nxf7 Kxf7 41. Rhf1 Bc7 42. e5 Re6 43. f4 Bb6 44. 
Rbc1 Bc5 45. Rf2 Nd7 46. Rf3 Rg8 47. a5 Ra8 48. Ra1 Rea6 49. Re1 Re8 50. 
Ra1 Bb6 0-1